00271nam a2200097Ia 4500008004000000082001600040100002600056245004500082260003800127300000800165210210b1998 xxu||||| |||| 00| 0 eng d a823.91 CONC aCONAN DOYLE (Arthur). aComplete long stories of Sherloc Holmes. aN DbJaico Publishing Housec1998 a346